Introducción a la entomología general y agrícola

Gardado en:
Detalles Bibliográficos
Autor Principal: Apablaza Hidalgo, Jaime U (Author)
Formato: Libro
Idioma:Lingua castelá
Publicado: Santiago Universidad Católica de Chile 2000
Edición:3a. ed
Series:Textos Universitarios
Subjects:
Tags: Engadir etiqueta
Sen Etiquetas, Sexa o primeiro en etiquetar este rexistro!

MARC

LEADER 00000nam a2200000 a 4500
001 UCO3069
003 CL-VaPUC
005 20240909115139.0
008 000714e20000000CL |||||||||||||||||spa|d
999 |c 289542  |d 289540 
040 |c Pontificia Universidad Católica de Valparaíso 
082 0 4 |a 595.7  |b APA  |2 21 
100 0 |a Apablaza Hidalgo, Jaime U  |e author  |9 446909 
245 1 0 |a Introducción a la entomología general y agrícola 
250 |a 3a. ed 
260 |a Santiago  |b Universidad Católica de Chile  |c 2000 
300 |a 339 p 
490 0 |a Textos Universitarios 
583 |a last modification  |c 20000714 00:00:00  |k Rodrigo Vera 
650 0 |a Entomología   |x Plagas agrícola   |9 269835  |z Chile 
650 0 |a Entomología   |x Clasificación de insectos   |9 269835 
650 0 |a Entomología   |x Morfología de insectos   |9 269835 
942 |c BK  |2 ddc 
945 |d 20000714 00:00:00  |a vberengu 
952 |0 0  |1 0  |4 0  |6 595_700000000000000_APA_2000  |7 0  |8 A  |9 338074  |a BIBAGR  |b BIBAGR  |d 2019-11-20  |i 3631737  |l 10  |o 595.7 APA 2000  |p 3631737  |r 2025-04-01  |s 2025-03-27  |w 2019-11-20  |y BK  |k AGR 
952 |0 0  |1 0  |4 0  |6 595_700000000000000_APA_2000  |7 0  |8 A  |9 338075  |a BIBAGR  |b BIBAGR  |d 2019-11-20  |i 3631745  |l 7  |o 595.7 APA 2000  |p 3631745  |r 2025-04-11  |s 2025-04-11  |w 2019-11-20  |y BK  |k AGR